[Event "BRA-ch (Women) 62nd"]
[Site "Timbo"]
[Date "2023.10.29"]
[Round "1"]
[White "Brambilla, Renee Blandy T"]
[Black "Pereira, Mariana Sebolt"]
[Result "1-0"]
[WhiteElo "1643"]
[BlackElo "1708"]
[PlyCount "97"]
[EventDate "2023.10.29"]
[EventType "swiss"]
[EventRounds "9"]
[EventCountry "BRA"]
[SourceTitle "Mega2024 Update 01"]
[Source "Chessbase"]
[SourceDate "2023.11.12"]
[SourceVersion "1"]
[SourceVersionDate "2023.11.12"]
[SourceQuality "1"]

1. d4 d6 2. c4 Nf6 3. Nc3 Bf5 4. Nf3 Nbd7 5. Nh4 Be4 6. f3 Bg6 7. Nxg6 hxg6 8. e4 e6 9. Bg5 Be7 10. Qc2 Rh5 11. Be3 e5 12. 0-0-0 Ng8 13. Qd2 c6 14. Be2 Rh7 15. dxe5 Nxe5 16. f4 Nd7 17. Bg4 Ngf6 18. Bh3 c5 19. Rhe1 Qc7 20. Bxd7+ Nxd7 21. Nd5 Qd8 22. Nxe7 Qxe7 23. Bg1 Qe6 24. b3 Ke7 25. f5 Qe5 26. Kb1 Nf6 27. fxg6 fxg6 28. Qb2 Ng4 29. h3 Nf6 30. Qxe5+ dxe5 31. Bxc5+ Ke8 32. Rd2 b6 33. Ba3 Rd8 34. Rxd8+ Kxd8 35. Bb2 Rh4 36. Bxe5 Nxe4 37. Bxg7 Kc8 38. Kc2 Nd6 39. Re6 Nf5 40. Rxg6 Kd7 41. Bc3 Re4 42. g4 Nh4 43. Rg7+ Kc6 44. Rxa7 Re3 45. Bf6 Nf3 46. h4 Nh2 47. g5 Rh3 48. Be5 Nf3 49. Rc7# 1-0

[Event "Joao Pessoa op"]
[Site "Joao Pessoa"]
[Date "2023.03.17"]
[Round "1"]
[White "Brambilla, Renee Blandy T"]
[Black "Mazetto, Sergio Luiz"]
[Result "0-1"]
[WhiteElo "1600"]
[BlackElo "2066"]
[PlyCount "108"]
[EventDate "2023.03.17"]
[EventType "swiss"]
[EventRounds "6"]
[EventCountry "BRA"]
[SourceTitle "EXT 2024"]
[Source "ChessBase"]
[SourceDate "2023.10.10"]
[SourceVersion "1"]
[SourceVersionDate "2023.10.10"]
[SourceQuality "1"]

1. d4 d5 2. c4 Bf5 3. Qb3 e5 4. e3 Nd7 5. cxd5 exd4 6. exd4 Ngf6 7. Nf3 Bd6 8. Be2 0-0 9. 0-0 Nb6 10. Nc3 Ne4 11. Be3 Re8 12. Rfe1 h6 13. Rac1 Nxc3 14. bxc3 Nxd5 15. Bc4 Be6 16. Bd2 Qd7 17. Kh1 c6 18. Qc2 b5 19. Bd3 Nf4 20. Bh7+ Kh8 21. Ne5 Bxe5 22. dxe5 Nxg2 23. Rg1 Nh4 24. Rcd1 Bd5+ 25. Be4 Qf5 26. f3 Bxe4 27. Qxe4 Qxf3+ 28. Qxf3 Nxf3 29. Rg3 Nxe5 30. Bf4 f6 31. Kg2 Rad8 32. Ra1 g5 33. Be3 a6 34. a4 Rd7 35. axb5 axb5 36. Bd4 Kh7 37. Rf1 Kg6 38. h4 Re6 39. Rh1 Rd5 40. h5+ Kf7 41. Ra1 c5 42. Bf2 f5 43. Re3 Rd2 44. Kf1 Rxf2+ 45. Kxf2 Ng4+ 46. Kg2 Nxe3+ 47. Kf3 Ng4 48. Ra7+ Kf6 49. Ra5 Re3+ 50. Kg2 Rxc3 51. Rxb5 Ke5 52. Rb8 Kf4 53. Rb5 Rc2+ 54. Kh3 Rh2# 0-1

[Event "BRA-ch (Women) 61st"]
[Site "Recife"]
[Date "2022.12.22"]
[Round "8"]
[White "Oliveira, Emanuelle Alves"]
[Black "Brambilla, Renee Blandy T"]
[Result "0-1"]
[WhiteElo "1693"]
[BlackElo "1661"]
[PlyCount "74"]
[EventDate "2022.12.15"]
[EventType "swiss"]
[EventRounds "9"]
[EventCountry "BRA"]
[SourceTitle "EXT 2024"]
[Source "ChessBase"]
[SourceDate "2023.10.10"]
[SourceVersion "1"]
[SourceVersionDate "2023.10.10"]
[SourceQuality "1"]

1. d4 Nf6 2. Bg5 d5 3. e3 g6 4. Bxf6 exf6 5. h4 h5 6. Ne2 Bg7 7. Nf4 c6 8. Nd2 Bg4 9. Nf3 Nd7 10. Be2 Qe7 11. a3 g5 12. Nd3 0-0-0 13. b4 Bf5 14. Qd2 Bxd3 15. Bxd3 g4 16. Ng1 g3 17. 0-0-0 Bh6 18. f4 Rhe8 19. Ne2 Qxe3 20. Rhf1 Nb6 21. Rf3 Qxd2+ 22. Rxd2 Nc4 23. Bxc4 dxc4 24. c3 Re4 25. Kc2 Rde8 26. Kd1 Re3 27. Rxe3 Rxe3 28. d5 Kd7 29. dxc6+ Kxc6 30. Rd4 Rd3+ 31. Rxd3 cxd3 32. Kd2 dxe2 33. Kxe2 Bxf4 34. Kf3 Be5 35. c4 a5 36. Ke4 a4 37. Kd3 Bb2 0-1

[Event "Rio de Janeiro Duchamp op 4th"]
[Site "Rio de Janeiro"]
[Date "2022.12.11"]
[Round "6"]
[White "De Souza, Vinicius Alcantara"]
[Black "Brambilla, Renee Blandy T"]
[Result "1-0"]
[WhiteElo "1852"]
[BlackElo "1661"]
[PlyCount "49"]
[EventDate "2022.12.07"]
[EventType "swiss"]
[EventRounds "9"]
[EventCountry "BRA"]
[SourceTitle "CBM 211 Extra"]
[Source "ChessBase"]
[SourceDate "2023.01.31"]
[SourceVersion "1"]
[SourceVersionDate "2023.01.31"]
[SourceQuality "1"]

1. Nf3 c5 2. c4 Nc6 3. g3 e5 4. Nc3 d6 5. Bg2 g6 6. d3 Bg7 7. 0-0 Nge7 8. e3 Be6 9. Ng5 Bc8 10. f4 0-0 11. fxe5 dxe5 12. Na4 Rb8 13. Nxc5 b6 14. Nb3 Bb7 15. Qe2 Nb4 16. Bxb7 Rxb7 17. Rd1 Rd7 18. d4 exd4 19. exd4 Nf5 20. d5 Re8 21. Qf2 Nd6 22. a3 Na6 23. c5 Nxc5 24. Nxc5 bxc5 25. Qxc5 1-0

[Event "Niteroi op 2nd"]
[Site "Niteroi"]
[Date "2022.09.06"]
[Round "8"]
[White "Brambilla, Renee Blandy T"]
[Black "Saraiva, Alexandre Pacheco"]
[Result "1/2-1/2"]
[WhiteElo "1616"]
[BlackElo "1882"]
[PlyCount "99"]
[EventDate "2022.09.01"]
[EventType "swiss"]
[EventRounds "9"]
[EventCountry "BRA"]
[SourceTitle "EXT 2024"]
[Source "ChessBase"]
[SourceDate "2023.10.10"]
[SourceVersion "1"]
[SourceVersionDate "2023.10.10"]
[SourceQuality "1"]

1. d4 Nf6 2. c4 e6 3. Nc3 Bb4 4. e3 0-0 5. Nge2 d5 6. a3 Bxc3+ 7. Nxc3 Nbd7 8. cxd5 exd5 9. Bd3 c6 10. Qc2 Re8 11. 0-0 Nf8 12. b4 Qd6 13. Ne2 g6 14. Bb2 Ng4 15. Ng3 h5 16. h3 Nxe3 17. fxe3 Qxg3 18. Rf3 Qd6 19. Raf1 Be6 20. e4 dxe4 21. Bxe4 f5 22. d5 cxd5 23. Qd2 Re7 24. Qd4 Qb6 25. Qxb6 axb6 26. Bd3 Nh7 27. h4 Bd7 28. Rc1 Rc8 29. Rxc8+ Bxc8 30. Kf2 Kf7 31. Re3 Nf6 32. Rxe7+ Kxe7 33. Ke3 Ke6 34. Bd4 Nh7 35. Kf4 Bd7 36. Bxb6 Nf6 37. Bd4 Ne4 38. Be2 b5 39. Bd3 Nd6 40. Kg5 Be8 41. Kf4 Nc4 42. Kg5 Nxa3 43. Kf4 Nc4 44. Kg5 Nd6 45. Kf4 Ne4 46. Ke3 Nf6 47. Be2 Ng8 48. Kf4 Ne7 49. Bd3 Nc8 50. Be2 1/2-1/2

[Event "Niteroi op 2nd"]
[Site "Niteroi"]
[Date "2022.09.03"]
[Round "4"]
[White "Brambilla, Renee Blandy T"]
[Black "Feller, Gabriela Luisa Vice"]
[Result "0-1"]
[WhiteElo "1616"]
[BlackElo "1869"]
[PlyCount "74"]
[EventDate "2022.09.01"]
[EventType "swiss"]
[EventRounds "9"]
[EventCountry "BRA"]
[SourceTitle "CBM 210 Extra"]
[Source "ChessBase"]
[SourceDate "2022.11.30"]
[SourceVersion "1"]
[SourceVersionDate "2022.11.30"]
[SourceQuality "1"]

1. d4 Nf6 2. c4 e6 3. Nc3 Bb4 4. e3 c5 5. a3 Bxc3+ 6. bxc3 0-0 7. Bd3 d6 8. Nf3 Nc6 9. 0-0 b6 10. Qc2 Ba6 11. e4 e5 12. d5 Na5 13. Bg5 Bxc4 14. Nd2 Bxd3 15. Qxd3 h6 16. Bh4 g5 17. Bg3 Qd7 18. Qf3 Kg7 19. Qe2 Qg4 20. f3 Qd7 21. f4 gxf4 22. Bxf4 exf4 23. Rxf4 Rae8 24. Raf1 Ng8 25. Qf2 f6 26. Nf3 Nc4 27. Nh4 Ne5 28. Qg3+ Kh7 29. Nf5 Rf7 30. Rh4 Rg7 31. Nxg7 Qxg7 32. Qh3 Re7 33. Qf5+ Qg6 34. Rff4 Qxf5 35. exf5 Rg7 36. h3 Ne7 37. Ra4 Rg3 0-1

[Event "Niteroi op 2nd"]
[Site "Niteroi"]
[Date "2022.09.02"]
[Round "3"]
[White "Segato, Pedro Henrique Pedr"]
[Black "Brambilla, Renee Blandy T"]
[Result "1/2-1/2"]
[WhiteElo "1947"]
[BlackElo "1616"]
[PlyCount "121"]
[EventDate "2022.09.01"]
[EventType "swiss"]
[EventRounds "9"]
[EventCountry "BRA"]
[SourceTitle "CBM 210 Extra"]
[Source "ChessBase"]
[SourceDate "2022.11.30"]
[SourceVersion "1"]
[SourceVersionDate "2022.11.30"]
[SourceQuality "1"]

1. d4 Nf6 2. Bf4 d5 3. e3 c5 4. Nd2 Nc6 5. c3 e6 6. Bd3 Bd7 7. Ngf3 Be7 8. h3 Rc8 9. 0-0 0-0 10. Ne5 Be8 11. Qb1 h6 12. Qd1 Nxe5 13. dxe5 Nh7 14. Qc2 f5 15. Rad1 Ng5 16. f3 c4 17. Be2 Qb6 18. Kh1 Bg6 19. Rfe1 Bh7 20. b3 cxb3 21. axb3 d4 22. Nc4 Qc7 23. exd4 b5 24. Nd2 Qb6 25. Qd3 a6 26. c4 Rfd8 27. d5 exd5 28. cxd5 Bc5 29. Nf1 Ne6 30. Be3 f4 31. Bxc5 Qxc5 32. Qd2 Nc7 33. d6 Ne6 34. Bd3 Bxd3 35. Qxd3 Qc3 36. Qf5 Nd4 37. Qxf4 Ne6 38. Qe3 Qc2 39. Rd2 Qg6 40. Qd3 Qg5 41. Qd5 Kf7 42. Ra2 Rc5 43. Qd2 Rxe5 44. Qxg5 Rxg5 45. Rxa6 Nf4 46. Ra2 Rxd6 47. Nd2 Rxg2 48. Ra7+ Kg6 49. Ne4 Rd3 50. Rc1 Rxf3 51. Rc6+ Kf5 52. Rf7+ Kxe4 53. Rxf4+ Kxf4 54. Kxg2 Rxb3 55. Rg6 Rb2+ 56. Kg1 Rc2 57. Rxg7 b4 58. Rg4+ Kf3 59. Rxb4 Rc1+ 60. Kh2 Rc2+ 61. Kg1 1/2-1/2

[Event "BRA-ch Amateur U1600"]
[Site "Sao Paulo"]
[Date "2022.06.18"]
[Round "6"]
[White "Brambilla, Renee Blandy T"]
[Black "Modes, Andre Vinicius"]
[Result "1-0"]
[WhiteElo "1587"]
[BlackElo "1589"]
[PlyCount "57"]
[EventDate "2022.06.16"]
[EventType "swiss"]
[EventRounds "7"]
[EventCountry "BRA"]
[SourceTitle "CBM 208 Extra"]
[Source "ChessBase"]
[SourceDate "2022.07.31"]
[SourceVersion "1"]
[SourceVersionDate "2022.07.31"]
[SourceQuality "1"]

1. d4 d6 2. c4 Nf6 3. Nc3 g6 4. e4 Bg7 5. Nf3 0-0 6. Be2 Bg4 7. 0-0 Bxf3 8. Bxf3 c6 9. Bf4 Nfd7 10. Qd2 e5 11. dxe5 dxe5 12. Be3 Qc7 13. Rad1 Bf6 14. Bg4 Rd8 15. Qe2 Nf8 16. Rxd8 Bxd8 17. Bh6 Be7 18. Qf3 Na6 19. Qg3 Rd8 20. Rd1 Rxd1+ 21. Bxd1 Qd6 22. h4 Qd4 23. h5 Bb4 24. Bb3 c5 25. hxg6 hxg6 26. Qh4 Nd7 27. Nd5 Qd3 28. Ne7+ Kh7 29. Bf8# 1-0

[Event "BRA-ch Amateur U1600"]
[Site "Sao Paulo"]
[Date "2022.06.18"]
[Round "5"]
[White "Oliveira, Olavo Tadeu Carvalh"]
[Black "Brambilla, Renee Blandy T"]
[Result "0-1"]
[WhiteElo "1302"]
[BlackElo "1587"]
[PlyCount "118"]
[EventDate "2022.06.16"]
[EventType "swiss"]
[EventRounds "7"]
[EventCountry "BRA"]
[SourceTitle "CBM 208 Extra"]
[Source "ChessBase"]
[SourceDate "2022.07.31"]
[SourceVersion "1"]
[SourceVersionDate "2022.07.31"]
[SourceQuality "1"]

1. d4 Nf6 2. c4 g6 3. Nc3 Bg7 4. Nf3 0-0 5. g3 d6 6. Bg2 c6 7. 0-0 Bf5 8. Ng5 d5 9. cxd5 cxd5 10. Qb3 Nc6 11. e3 Na5 12. Qb5 a6 13. Qe2 h6 14. Nf3 Ne4 15. Nxe4 Bxe4 16. Ne1 Bxg2 17. Kxg2 Rc8 18. b3 e5 19. dxe5 Bxe5 20. Bb2 Qf6 21. Bxe5 Qxe5 22. Nd3 Qe4+ 23. f3 Qe7 24. Qd2 Nc6 25. Rac1 Rfd8 26. Rc2 d4 27. e4 Kh7 28. Rfc1 Rb8 29. Rc4 Re8 30. Nb4 Nxb4 31. Rxb4 d3 32. Rd4 Rbd8 33. Rxd3 Rxd3 34. Qxd3 Rd8 35. Qc2 Qb4 36. Rd1 Rxd1 37. Qxd1 Qe7 38. Qd5 Qc7 39. Qc4 Qd7 40. Qc3 Qe7 41. Qd3 Qc7 42. a4 Qe7 43. Qd5 Qc7 44. b4 Qc2+ 45. Kh3 Qc8+ 46. g4 Kg7 47. Qe5+ Kh7 48. b5 axb5 49. axb5 Qd7 50. Qd5 Qe7 51. Kg2 Qc7 52. b6 Qxb6 53. Qxf7+ Kh8 54. Qe8+ Kg7 55. e5 Qc7 56. Kh3 Qf7 57. Qb5 Qxf3+ 58. Kh4 g5+ 59. Kh5 Qh3# 0-1

[Event "BRA-ch Amateur U1600"]
[Site "Sao Paulo"]
[Date "2022.06.17"]
[Round "3"]
[White "Conrado, Carlos Alberto"]
[Black "Brambilla, Renee Blandy T"]
[Result "1-0"]
[WhiteElo "1455"]
[BlackElo "1587"]
[PlyCount "159"]
[EventDate "2022.06.16"]
[EventType "swiss"]
[EventRounds "7"]
[EventCountry "BRA"]
[SourceTitle "CBM 208 Extra"]
[Source "ChessBase"]
[SourceDate "2022.07.31"]
[SourceVersion "1"]
[SourceVersionDate "2022.07.31"]
[SourceQuality "1"]

1. d4 Nf6 2. c4 g6 3. Nc3 Bg7 4. e4 d6 5. f3 c6 6. Be3 a6 7. a4 a5 8. Qd2 Na6 9. Nge2 0-0 10. Ng3 c5 11. d5 Bd7 12. Be2 Nb4 13. 0-0 Qc7 14. Rfc1 h5 15. Nb5 Bxb5 16. cxb5 Kh7 17. Rab1 Qd7 18. b3 Rh8 19. Nh1 b6 20. Nf2 Kg8 21. Nd3 Nxd3 22. Qxd3 h4 23. h3 Nh5 24. Bf2 Be5 25. Qd2 Nf4 26. Bf1 f6 27. Be3 g5 28. Rd1 Kf7 29. Rbc1 Rag8 30. Rc2 Nh5 31. Kf2 Bg3+ 32. Ke2 Ke8 33. Kd3 f5 34. Rc4 fxe4+ 35. Rxe4 Qf5 36. Kc4 Be5 37. Bd3 Qf6 38. Re1 Ng3 39. Rg4 Bf4 40. Bc2 Rf8 41. Bxf4 gxf4 42. Qc3 Qxc3+ 43. Kxc3 Rh5 44. Bg6+ Kd7 45. Bxh5 Nxh5 46. Rxh4 Rf5 47. Kc4 Nf6 48. Rd1 Nh5 49. Rg4 Re5 50. Rd2 Re3 51. h4 Kc7 52. Rg5 Nf6 53. Rd3 Re1 54. Kc3 Nd7 55. Kd2 Rh1 56. Rc3 Rxh4 57. Rc4 Ne5 58. Re4 Kd7 59. Rexe5 dxe5 60. Rxe5 Kd6 61. Rg5 Rh1 62. Rg6+ Kc7 63. Kd3 Re1 64. Rg4 Kd6 65. Rxf4 Kxd5 66. Rf5+ Kd6 67. g4 Ke6 68. Rh5 Kf7 69. f4 Kg6 70. f5+ Kg7 71. Rg5+ Kh6 72. Rg6+ Kh7 73. Rxb6 Rg1 74. Rg6 e5 75. b6 Rd1+ 76. Kc4 e4 77. b7 Rd8 78. Kxc5 Re8 79. Re6 Rb8 80. Kb6 1-0

[Event "Joao Pessoa Fischer Memorial 11th"]
[Site "Joao Pessoa"]
[Date "2022.05.07"]
[Round "3"]
[White "Barioni, Daniel Rossiter"]
[Black "Brambilla, Renee Blandy T"]
[Result "1-0"]
[WhiteElo "1840"]
[BlackElo "1597"]
[PlyCount "103"]
[EventDate "2022.05.06"]
[EventType "swiss"]
[EventRounds "6"]
[EventCountry "BRA"]
[SourceTitle "EXT 2023"]
[Source "ChessBase"]
[SourceDate "2022.10.05"]
[SourceVersion "1"]
[SourceVersionDate "2022.10.05"]
[SourceQuality "1"]

1. d4 Nf6 2. c4 g6 3. g3 Bg7 4. Bg2 0-0 5. Nf3 d6 6. 0-0 c5 7. d5 e6 8. Nc3 Re8 9. Re1 exd5 10. cxd5 Na6 11. Bf4 Nc7 12. a4 a6 13. Nd2 Nh5 14. Be3 Rb8 15. a5 b5 16. axb6 Rxb6 17. Nc4 Rb4 18. Ra4 Rb8 19. Ne4 Nb5 20. h3 h6 21. Qd2 Kh7 22. g4 Nf6 23. Nc3 Nxc3 24. bxc3 Ne4 25. Bxe4 Rxe4 26. Qd3 Qe7 27. f3 Rxc4 28. Rxc4 Qh4 29. Bf2 Qxh3 30. Re4 Be5 31. Rxe5 dxe5 32. Qe3 Rb2 33. Qxe5 Bxg4 34. fxg4 Qxg4+ 35. Qg3 Qe4 36. Qf3 Qe7 37. e4 Qg5+ 38. Qg3 Qxg3+ 39. Bxg3 Kg8 40. Rd1 Rb7 41. d6 Rd7 42. Rd5 Kf8 43. Rxc5 Ke8 44. Rc8+ Rd8 45. Rc5 Kd7 46. Rc7+ Ke6 47. Re7+ Kf6 48. e5+ Kg7 49. e6 Kf6 50. exf7 Rf8 51. Be5+ Kf5 52. Bg7 1-0

[Event "Florianopolis op 8th"]
[Site "Florianopolis"]
[Date "2022.01.27"]
[Round "5"]
[White "Brambilla, Renee Blandy T"]
[Black "De Oliveira, Marlon Joshua"]
[Result "0-1"]
[WhiteElo "1536"]
[BlackElo "1824"]
[PlyCount "78"]
[EventDate "2022.01.24"]
[EventType "swiss"]
[EventRounds "10"]
[EventCountry "BRA"]
[SourceTitle "CBM 206 Extra"]
[Source "ChessBase"]
[SourceDate "2022.03.31"]
[SourceVersion "1"]
[SourceVersionDate "2022.03.31"]
[SourceQuality "1"]

1. d4 Nf6 2. c4 g6 3. Nc3 Bg7 4. e4 d6 5. Nf3 0-0 6. Be2 Nbd7 7. 0-0 e5 8. Be3 Re8 9. d5 Ng4 10. Bd2 Nc5 11. b4 Na6 12. Ne1 f5 13. Nd3 fxe4 14. Nxe4 Bf5 15. f3 Nf6 16. Bg5 h6 17. Nxf6+ Bxf6 18. Bxh6 Kh7 19. Bd2 e4 20. fxe4 Rxe4 21. Nf2 Bxa1 22. Nxe4 Bd4+ 23. Nf2 Qh4 24. Be1 Rh8 25. Kh1 Be5 26. Ng4 Qe7 27. Nxe5 Qxe5 28. Bd3 Kg7 29. Bg3 Qxg3 30. Qa1+ Qe5 31. Bxf5 Qxa1 32. Rxa1 gxf5 33. a3 Rh4 34. Rc1 Re4 35. Kg1 c6 36. b5 cxb5 37. cxb5 Nc5 38. Rc3 Re1+ 39. Kf2 Ne4+ 0-1

[Event "Florianopolis op 8th"]
[Site "Florianopolis"]
[Date "2022.01.25"]
[Round "3"]
[White "Brambilla, Renee Blandy T"]
[Black "Quintiliano Moura, Paulo Henrique"]
[Result "0-1"]
[WhiteElo "1536"]
[BlackElo "1876"]
[PlyCount "76"]
[EventDate "2022.01.24"]
[EventType "swiss"]
[EventRounds "10"]
[EventCountry "BRA"]
[SourceTitle "EXT 2023"]
[Source "ChessBase"]
[SourceDate "2022.10.05"]
[SourceVersion "1"]
[SourceVersionDate "2022.10.05"]
[SourceQuality "1"]

1. d4 d5 2. c4 c6 3. Nc3 Nf6 4. Nf3 e6 5. Bg5 Be7 6. e3 Nbd7 7. Qc2 h6 8. Bh4 0-0 9. Rd1 Re8 10. a3 Qa5 11. Bd3 dxc4 12. Bxc4 c5 13. 0-0 cxd4 14. Rxd4 a6 15. Ba2 b5 16. Bb1 Qc7 17. Rfd1 Nf8 18. Bg3 Qc5 19. Qe2 Bb7 20. e4 Rad8 21. Rxd8 Rxd8 22. Rxd8 Bxd8 23. Qd2 Be7 24. h3 a5 25. Be5 b4 26. axb4 axb4 27. Bxf6 Bxf6 28. Na4 Qb5 29. b3 Ba6 30. Qe1 Ng6 31. Bc2 Nf4 32. e5 Bxe5 33. Nxe5 Ne2+ 34. Kh1 Qxe5 35. Qd1 g6 36. Bd3 Bxd3 37. Qxd3 Qa1+ 38. Kh2 Qg1# 0-1

[Event "Wch Blitz (Women)"]
[Site "Warsaw"]
[Date "2021.12.30"]
[Round "17"]
[White "Smietanska, Wiktoria"]
[Black "Brambilla, Renee Blandy T"]
[Result "1-0"]
[WhiteElo "1910"]
[BlackElo "1536"]
[PlyCount "37"]
[EventDate "2021.12.29"]
[EventType "swiss (blitz)"]
[EventRounds "17"]
[EventCountry "POL"]
[SourceTitle "CBM 205 Extra"]
[Source "ChessBase"]
[SourceDate "2022.01.31"]
[SourceVersion "1"]
[SourceVersionDate "2022.01.31"]
[SourceQuality "1"]

1. c4 Nf6 2. Nc3 g6 3. g3 Bg7 4. Bg2 d6 5. e4 c6 6. Nge2 0-0 7. d3 e5 8. 0-0 Nbd7 9. f4 exf4 10. Bxf4 Qb6+ 11. Kh1 Ne5 12. Qd2 Bg4 13. b3 a6 14. d4 Bxe2 15. Nxe2 Neg4 16. h3 Nh6 17. Bxh6 Nxe4 18. Bxe4 Qxd4 19. Nxd4 1-0

[Event "Wch Blitz (Women)"]
[Site "Warsaw"]
[Date "2021.12.29"]
[Round "1"]
[White "Brambilla, Renee Blandy T"]
[Black "Fernandez, Maria Florencia"]
[Result "0-1"]
[WhiteElo "1536"]
[BlackElo "2229"]
[PlyCount "56"]
[EventDate "2021.12.29"]
[EventType "swiss (blitz)"]
[EventRounds "17"]
[EventCountry "POL"]
[SourceTitle "CBM 205 Extra"]
[Source "ChessBase"]
[SourceDate "2022.01.31"]
[SourceVersion "1"]
[SourceVersionDate "2022.01.31"]
[SourceQuality "1"]

1. d4 Nf6 2. c4 g6 3. Nc3 Bg7 4. e4 d6 5. Nf3 0-0 6. Be2 e5 7. 0-0 Nc6 8. d5 Ne7 9. Ne1 Nd7 10. Nd3 f5 11. Bd2 Nf6 12. f3 f4 13. c5 g5 14. cxd6 cxd6 15. Rc1 h5 16. Nb5 Qb6+ 17. Nf2 g4 18. Kh1 g3 19. hxg3 fxg3 20. Nh3 Bxh3 21. gxh3 Ng6 22. Kg2 h4 23. a4 Nh5 24. Nc7 Ngf4+ 25. Bxf4 Nxf4+ 26. Kh1 g2+ 27. Kh2 gxf1Q 28. Qxf1 Rac8 0-1

[Event "Wch Blitz (Women)"]
[Site "Warsaw"]
[Date "2021.12.29"]
[Round "6"]
[White "Brambilla, Renee Blandy T"]
[Black "Rudzinska, Michalina"]
[Result "0-1"]
[WhiteElo "1536"]
[BlackElo "2215"]
[PlyCount "50"]
[EventDate "2021.12.29"]
[EventType "swiss (blitz)"]
[EventRounds "17"]
[EventCountry "POL"]
[SourceTitle "CBM 205 Extra"]
[Source "ChessBase"]
[SourceDate "2022.01.31"]
[SourceVersion "1"]
[SourceVersionDate "2022.01.31"]
[SourceQuality "1"]

1. d4 Nf6 2. c4 e6 3. Nf3 c5 4. dxc5 Bxc5 5. Nc3 0-0 6. Bg5 Qb6 7. e3 Qxb2 8. Bxf6 gxf6 9. Rc1 Bb4 10. Qc2 Qxc2 11. Rxc2 Nc6 12. Bd3 Ba5 13. Ke2 Nb4 14. Rcc1 Nxd3 15. Kxd3 b6 16. h4 Ba6 17. Ne4 d5 18. Nxf6+ Kg7 19. Nd7 Rfd8 20. Nde5 Rac8 21. Nd2 dxc4+ 22. Kc2 Rxd2+ 23. Kb1 c3 24. Nf3 Rxf2 25. Rhd1 c2+ 0-1

[Event "Wch Blitz (Women)"]
[Site "Warsaw"]
[Date "2021.12.29"]
[Round "2"]
[White "Kovanova, Baira"]
[Black "Brambilla, Renee Blandy T"]
[Result "1-0"]
[WhiteElo "2331"]
[BlackElo "1536"]
[PlyCount "45"]
[EventDate "2021.12.29"]
[EventType "swiss (blitz)"]
[EventRounds "17"]
[EventCountry "POL"]
[SourceTitle "CBM 205 Extra"]
[Source "ChessBase"]
[SourceDate "2022.01.31"]
[SourceVersion "1"]
[SourceVersionDate "2022.01.31"]
[SourceQuality "1"]

1. e4 c5 2. Nf3 Nc6 3. Bb5 e6 4. 0-0 Nge7 5. Re1 a6 6. Bf1 g6 7. d3 Bg7 8. Nc3 0-0 9. e5 b5 10. Bf4 Bb7 11. Ne4 Rc8 12. Nxc5 Rc7 13. Nxb7 Rxb7 14. Qd2 Nd5 15. Bh6 Rc7 16. d4 Qc8 17. c3 b4 18. c4 Nb6 19. b3 a5 20. Rac1 Rd8 21. d5 Ne7 22. Bxg7 Kxg7 23. d6 1-0

[Event "Wch Blitz (Women)"]
[Site "Warsaw"]
[Date "2021.12.29"]
[Round "5"]
[White "Utiatskaja, Irina"]
[Black "Brambilla, Renee Blandy T"]
[Result "1-0"]
[WhiteElo "2184"]
[BlackElo "1536"]
[PlyCount "58"]
[EventDate "2021.12.29"]
[EventType "swiss (blitz)"]
[EventRounds "17"]
[EventCountry "POL"]
[SourceTitle "CBM 205 Extra"]
[Source "ChessBase"]
[SourceDate "2022.01.31"]
[SourceVersion "1"]
[SourceVersionDate "2022.01.31"]
[SourceQuality "1"]

1. e4 c5 2. Nf3 Nc6 3. d4 cxd4 4. Nxd4 Nf6 5. Nc3 e5 6. Ndb5 d6 7. Bg5 a6 8. Na3 b5 9. Nd5 Be7 10. Bxf6 Bxf6 11. c4 b4 12. Nc2 a5 13. h4 Bb7 14. g3 Ne7 15. Nxf6+ gxf6 16. Bg2 Ng6 17. Ne3 Rc8 18. b3 Qb6 19. Nf5 Rd8 20. 0-0 0-0 21. Qh5 Bc8 22. Qh6 Bxf5 23. exf5 Ne7 24. Qxf6 Qc7 25. h5 h6 26. Qxh6 Nxf5 27. Qg5+ Ng7 28. h6 f6 29. Bd5+ Kh7 1-0

[Event "Wch Rapid (Women)"]
[Site "Warsaw"]
[Date "2021.12.28"]
[Round "11"]
[White "Brambilla, Renee Blandy T"]
[Black "Gaboyan, Susanna"]
[Result "0-1"]
[WhiteElo "1536"]
[BlackElo "2254"]
[PlyCount "62"]
[EventDate "2021.12.26"]
[EventType "swiss (rapid)"]
[EventRounds "11"]
[EventCountry "POL"]
[SourceTitle "CBM 205 Extra"]
[Source "ChessBase"]
[SourceDate "2022.01.31"]
[SourceVersion "1"]
[SourceVersionDate "2022.01.31"]
[SourceQuality "1"]

1. d4 Nf6 2. c4 g6 3. Nc3 d5 4. Nf3 Bg7 5. cxd5 Nxd5 6. e4 Nxc3 7. bxc3 c5 8. Be3 Nc6 9. Bc4 0-0 10. 0-0 Bg4 11. d5 Ne5 12. Be2 Nxf3+ 13. Bxf3 Bxf3 14. Qxf3 Qa5 15. Bd2 c4 16. Rfe1 Rfd8 17. Qd1 e6 18. Qc1 exd5 19. e5 Qc7 20. Bg5 Re8 21. Bf6 Bxf6 22. exf6 Qd6 23. Rb1 Qxf6 24. Rxb7 d4 25. cxd4 Qxd4 26. h3 Rac8 27. Rd1 Qf6 28. Rxa7 Re2 29. Rf1 c3 30. f3 Qd4+ 31. Kh1 Qxa7 0-1

[Event "Wch Rapid (Women)"]
[Site "Warsaw"]
[Date "2021.12.27"]
[Round "7"]
[White "Brambilla, Renee Blandy T"]
[Black "Szczotka, Klara"]
[Result "0-1"]
[WhiteElo "1536"]
[BlackElo "1755"]
[PlyCount "122"]
[EventDate "2021.12.26"]
[EventType "swiss (rapid)"]
[EventRounds "11"]
[EventCountry "POL"]
[SourceTitle "CBM 205 Extra"]
[Source "ChessBase"]
[SourceDate "2022.01.31"]
[SourceVersion "1"]
[SourceVersionDate "2022.01.31"]
[SourceQuality "1"]

1. d4 Nf6 2. c4 e6 3. Nf3 b6 4. Bg5 Bb7 5. e3 h6 6. Bh4 Be7 7. Nc3 d5 8. cxd5 exd5 9. Bd3 0-0 10. 0-0 Ne4 11. Bxe7 Qxe7 12. Rc1 Rc8 13. Bb1 Nd7 14. Nd2 Ndf6 15. Ndxe4 Nxe4 16. Nxe4 dxe4 17. a3 Bd5 18. b4 a5 19. Qd2 axb4 20. Qxb4 Qxb4 21. axb4 Ra4 22. Rc3 Rxb4 23. Rfc1 c6 24. h3 Kf8 25. Ra3 Rb2 26. Bc2 Ke7 27. Bd1 f5 28. Bh5 Kf6 29. Bd1 Ra2 30. Rxa2 Bxa2 31. Ra1 Bd5 32. Kf1 Rb8 33. Ke1 Rb7 34. Kd2 g5 35. Kc3 f4 36. Bb3 fxe3 37. fxe3 Bxb3 38. Kxb3 h5 39. Kc4 Ke6 40. Rd1 Ra7 41. Rd2 Ra3 42. Re2 Kd6 43. Kb4 Rd3 44. g4 hxg4 45. hxg4 Kd5 46. Ka4 Kc4 47. Rc2+ Rc3 48. Re2 b5+ 49. Ka5 Kd3 50. Re1 Kd2 51. Rf1 Kxe3 52. Rf5 Kxd4 53. Rxg5 e3 54. Rg8 e2 55. Rd8+ Ke3 56. Re8+ Kf3 57. g5 Re3 58. Rf8+ Kg4 59. g6 e1Q+ 60. Kb6 Re7 61. Rb8 Qe4 0-1